000 00799cam a2200241 a 4500
001 4521686
005 20180820035127.0
008 990316s2000 njua b 001 0 eng
010 _a 99025023
020 _a0139238719
040 _aDLC
_cDLC
_dDLC
041 _aeng
043 _an-us---
080 _a370.973
082 0 0 _a370.973
_221
100 1 _a46
101 _aEDU
245 1 0 _aFoundations of American education /
_cL. Dean Webb, Arlene Metha, K. Forbis Jordan.
504 _aIncludes bibliographical references and indexes.
906 _a7
_bcbc
_corignew
_d1
_eocip
_f19
_gy-gencatlg
942 _2ddc
_cBK
999 _c47218
_d47218